| 000 | 00380nam a2200133Ia 4500 | ||
|---|---|---|---|
| 008 | 210430s9999 xx 000 0 und d | ||
| 020 | _a81-7409-088-6 | ||
| 082 | _a621.4025 G9775E | ||
| 100 |
_aGupta, O.P. _940512 |
||
| 245 |
_aElements of Fuels, Furnaces & Refractories 6th _cGupta, O.P. |
||
| 260 |
_aNew Dehi. _bKhana Publishers _c2014 |
||
| 300 | _a1072p. | ||
| 942 |
_cBK _2ddc |
||
| 999 |
_c565805 _d565805 |
||